Pierwszy i ostatni kierowca, z każdym numerem startowym - Statystyki

Ogólne statystyki
  • Ten quiz został rozwiązany 33 razy
  • Średni wynik to 28 z 200
Statystyki odpowiedzi
Numer Kierowca % Poprawnych
1 | 33 Max Verstappen
85%
4 Lando Norris
81%
44 Lewis Hamilton
81%
88 Duncan Hamilton
74%
10 Pierre Gasly
74%
55 Carlos Sainz
70%
5 Sebastian Vettel
70%
23 Alexander Albon
67%
16 Charles Leclerc
67%
60 Juan Manuel Fangio / Piero Taruffi
67%
11 Sergio Pérez
67%
77 Valtteri Bottas
67%
3 Daniel Ricciardo
63%
63 George Russell
63%
1 | 34 Juan Manuel Fangio
63%
88 Robert Kubica
63%
22 Yuki Tsunoda
63%
31 Esteban Ocon
59%
14 Fernando Alonso
59%
7 Kimi Räikkönen
59%
18 Lance Stroll
59%
47 Mick Schumacher
56%
8 Romain Grosjean
56%
24 Guanyu Zhou
52%
20 Kevin Magnussen
52%
27 Nico Hülkenberg
52%
2 Logan Sargeant
48%
9 Nikita Mazepin
48%
81 Oscar Piastri
48%
40 Alberto Ascari
44%
36 | 99 Antonio Giovinazzi
41%
19 Felipe Massa
41%
40 Liam Lawson
41%
6 Nicholas Latifi
41%
0 Damon Hill
37%
2 | 32 Giuseppe Farina
33%
17 Jules Bianchi
33%
21 | 45 Nyck de Vries
33%
51 Pietro Fittipaldi
33%
35 Siergiej Sirotkin
33%
13 Pastor Maldonado
19%
26 Daniił Kwiat
15%
89 Jack Aitken
15%
66 Nelson Piquet
15%
94 Pascal Wehrlein
15%
28 | 39 Brendon Hartley
11%
75 Gene Hartley
11%
71 Jochen Rindt
11%
12 Felipe Nasr
7%
0 Jody Scheckter
7%
30 Jolyon Palmer
7%
42 Jonathan Palmer
7%
3 | 36 Luigi Fagioli
7%
21 | 30 | 50 Prince Bira
7%
15 Adrian Sutil
4%
53 Alexander Rossi
4%
76 Al Herman
4%
67 Bill Schindler
4%
70 Charles de Tornaco
4%
5 | 89 David Murray
4%
35 Frank Armi
4%
75 Fred Agabashian / Al Herman
4%
61 Jimmy Jackson
4%
37 JJ Lehto
4%
10 Joe Fry
4%
96 Jud Larson
4%
19 | 48 Louis Chiron
4%
28 Peter Whitehead
4%
87 Red Amick
4%
98 Roberto Merhi
4%
46 Will Stevens
4%
57 Al Keller
0%
97 Allen Heath
0%
83 Al Miller
0%
69 Al Pease
0%
68 André Pilette
0%
57 Andy Linden
0%
34 Bertrand Gachot
0%
86 Bill Boyd
0%
84 Bill Cheesbourg
0%
95 Bill Homeier / Leroy Warriner
0%
71 Bill Mackey
0%
87 Bill Vukovich
0%
58 Billy Devore
0%
61 Bob Cleberg
0%
93 Bob Cortner
0%
12 | 26 Bob Gerard
0%
63 Bob Gregg / Joe James
0%
37 | 64 Bob Sweikert
0%
74 Carel Godin de Beaufort
0%
68 | 74 Carl Forberg
0%
73 Carl Scarborough
0%
54 Cecil Green
0%
29 Charles Van Acker
0%
43 Chet Miller
0%
48 Chris Amon
0%
79 Chuck Leighton
0%
82 Chuck Rodee / Dempsey Wilson
0%
65 Chuck Stevenson
0%
66 Cliff Griffith
0%
46 Consalvo Sanesi
0%
11 Cuth Harrison
0%
78 Cy Marshall
0%
39 Danny Kladis
0%
6 David Hampshire
0%
59 Dempsey Wilson
0%
45 | 97 Dick Rathmann
0%
32 Domenico Schiattarella
0%
67 Don Edmunds
0%
73 Don Freeland
0%
69 Duke Dinsmore
0%
20 | 52 Emmanuel de Graffenried
0%
62 Ernesto Brambilla
0%
17 Eugène Martin
0%
44 Franco Rol
0%
72 Gaetano Starrabba
0%
96 Gene Force
0%
78 Gene Force / Eddie Russo / Bob Schroeder
0%
24 Geoffrey Crossley
0%
53 George Fonder
0%
85 Gig Stephens
0%
92 Jack Ensley
0%
77 Jackie Holmes
0%
49 Jack McGrath
0%
93 Jacques Swaters
0%
60 Jean-Claude Rudaz
0%
25 Jean-Éric Vergne
0%
81 Jerry Hoyt
0%
72 Jimmy Bryan
0%
22 Jimmy Davies
0%
76 Jim Rathmann
0%
85 Jim Rigsby / Manny Ayulo
0%
58 Jo Bonnier
0%
82 Joe James
0%
23 Joe Kelly
0%
33 Joel Thorne
0%
18 | 94 Johnny Claes
0%
25 Johnny Mauro
0%
62 Johnny McDowell
0%
91 Johnny Moorhouse
0%
95 Jorge Daponte
0%
29 Karl Wendlinger
0%
52 Kazuyoshi Hoshino
0%
99 Kenny Eaton / Emil Andres
0%
8 Leslie Johnson
0%
15 Louis Rosier
0%
38 Luigi Villoresi
0%
64 Mário de Araújo Cabral
0%
51 Mark Light
0%
65 Marvin Burke / Norm Houser
0%
31 Mauri Rose
0%
84 Mike Burch
0%
43 Mike Thackwell
0%
41 Milt Fankhauser
0%
13 Moisés Solana
0%
59 Pat Flaherty
0%
80 Paul Pietsch
0%
7 Paul Russo
0%
9 Peter Walker
0%
16 | 86 Philippe Étancelin
0%
38 Pierre-Henri Raphanel
0%
56 | 90 Pierre Levegh
0%
47 Ralph Pratt
0%
49 Ray Crawford
0%
42 Raymond Sommer
0%
4 Reg Parnell
0%
91 Rudi Fischer
0%
50 Rupert Keegan
0%
79 Russ Congdon
0%
83 Shorty Templeman
0%
56 Silvio Moser
0%
92 Toni Branca
0%
54 Tony Trimmer
0%
55 Troy Ruttman
0%
27 Walt Ader
0%
98 Walt Faulkner
0%
41 Yannick Dalmas
0%
14 Yves Giraud-Cabantous
0%
Nie znaleziono quizów pasujących do podanych kryteriów
Rozkład punktacji
Procent ludzi z każdym wynikiem
Percentyl według liczby udzielonych odpowiedzi
Twoja historia wyników
Nie rozwiązałeś tego quizu